European Countries by Picture - Statistics

General Stats
  • This quiz has been taken 846 times
  • The average score is 18 of 45
Answer Stats
Image Country % Correct
Ireland
91%
Greece
90%
United Kingdom
83%
France
78%
Switzerland
75%
Albania
74%
Germany
74%
Netherlands
74%
Belgium
71%
Vatican City
65%
Iceland
64%
Serbia
63%
Denmark
61%
Croatia
56%
Kosovo
54%
Sweden
53%
Russia
51%
Monaco
47%
Italy
45%
Portugal
45%
Spain
45%
Austria
44%
Finland
41%
Bosnia & Herzegovina
37%
Estonia
35%
Ukraine
35%
Czech Republic
30%
Malta
29%
Poland
28%
San Marino
22%
Slovenia
19%
Romania
18%
Norway
17%
Bulgaria
16%
Luxembourg
16%
Montenegro
16%
Slovakia
16%
Andorra
13%
Hungary
12%
Lithuania
12%
Macedonia
9%
Liechtenstein
8%
Belarus
6%
Latvia
6%
Moldova
6%
No matching quizzes found
Score Distribution
Percent of People with Each Score
Percentile by Number Answered
Your Score History
You have not taken this quiz